000 002110000a22001090004500
041 0 _aENG
082 0 4 _aAV 0246
245 1 0 _aIf I were the devil / John Linton
300 _a38 Pág.
001 14115
942 _cBK
999 _c43028
_d43028